Financovanie podnikateľov v poľnohospodárstve (príručka)
Guardado en:
| Formato: | Libro |
|---|---|
| Lenguaje: | eslovaco |
| Publicado: |
Bratislava
Výskumný ústav ekonomiky poľnohospodárstva a potravinárstva
2001
|
| Materias: | |
| Etiquetas: |
Sin Etiquetas, Sea el primero en etiquetar este registro!
|
MARC
| LEADER | 00000nam a2200000 4500 | ||
|---|---|---|---|
| 001 | c130505 | ||
| 005 | 20221124103110.5 | ||
| 020 | |a 80-8058-202-5 | ||
| 041 | 0 | |a slo | |
| 044 | |a SK | ||
| 245 | 1 | 0 | |a Financovanie podnikateľov v poľnohospodárstve |b (príručka) |
| 264 | 1 | |a Bratislava |b Výskumný ústav ekonomiky poľnohospodárstva a potravinárstva |c 2001 | |
| 300 | |a 80 s. | ||
| 610 | 2 | 0 | |a poľnohospodárstvo |
| 610 | 2 | 0 | |a podnikatelia |
| 610 | 2 | 0 | |a financovanie |
| 610 | 2 | 0 | |a výroba poľnohospodárska |
| 610 | 2 | 0 | |a podnik poľnohospodársky |
| 610 | 2 | 0 | |a zdroje finančné |
| 610 | 2 | 0 | |a pomoc finančná |
| 610 | 2 | 0 | |a pomoc medzinárodná |
| 610 | 2 | 0 | |a programy rozvojové |
| 610 | 2 | 0 | |a papiere cenné |
| 610 | 2 | 0 | |a trh |
| 610 | 2 | 0 | |a ukazovatele ekonomické |
| 610 | 2 | 0 | |a ukazovatele finančné |
| 610 | 2 | 0 | |a analýza finančná |
| 610 | 2 | 0 | |a investície |
| 610 | 2 | 0 | |a zákony |
| 610 | 2 | 0 | |a dane |
| 610 | 2 | 0 | |a adresáre |
| 610 | 2 | 0 | |a smernice |
| 610 | 2 | 0 | |a Slovensko |